000 00361nam a2200145Ia 4500
005 20251222151317.0
008 251222s9999||||xx |||||||||||||| ||spa||
020 _a9786074486575
082 _a612.3/A79/2018
100 _aAscencio Peralta, Claudia
245 0 _aFisiología de la Nutrición
250 _a2da. ed.
264 _bManual Moderno
942 _cLIB
999 _c23559
_d23559